Teorie informace
Guardado en:
| Autor principal: | |
|---|---|
| Autor Corporativo: | |
| Otros Autores: | , |
| Formato: | Libro |
| Lenguaje: | checo |
| Publicado: |
Praha
Státní nakladatelství technické literatury
1985
|
| Edición: | 2. nezměn. vyd. |
| Etiquetas: |
Sin Etiquetas, Sea el primero en etiquetar este registro!
|
MARC
| LEADER | 00000nam a2200000 4500 | ||
|---|---|---|---|
| 001 | c110030 | ||
| 005 | 20190425112244.1 | ||
| 041 | 0 | |a cze | |
| 044 | |a CZ | ||
| 245 | 1 | 0 | |a Teorie informace |c Vladimír Šebesta, Kamil Vrba, Radim Vrba |
| 250 | |a 2. nezměn. vyd. | ||
| 264 | 1 | |a Praha |b Státní nakladatelství technické literatury |c 1985 | |
| 300 | |a 160 s. | ||
| 100 | 1 | |a Šebesta, Vladimír | |
| 700 | 1 | |a Vrba, Kamil | |
| 700 | 1 | |a Vrba, Radim | |
| 710 | 2 | |a Vysoké učení technické v Brně | |